[Event "St Petersburg-ch sf"]
[Site "St Petersburg"]
[Date "2013.01.28"]
[Round "3"]
[White "Golovankov, Vladimir"]
[Black "Kravtsov, Andrei"]
[Result "1-0"]
[WhiteElo "2235"]
[BlackElo "1985"]
[PlyCount "127"]
[EventDate "2013.01.26"]
[EventType "swiss"]
[EventRounds "9"]
[EventCountry "RUS"]
[SourceTitle "CBM 152 Extra"]
[Source "ChessBase"]
[SourceDate "2013.02.25"]
[SourceVersion "1"]
[SourceVersionDate "2013.02.25"]
[SourceQuality "1"]

1. e4 e5 2. Nf3 Nf6 3. Nxe5 d6 4. Nf3 Nxe4 5. d3 Nf6 6. d4 Be7 7. Bd3 0-0 8. h3 Nc6 9. c3 d5 10. Nbd2 Bd6 11. 0-0 Nh5 12. Re1 Nf4 13. Nf1 Qf6 14. Bxf4 Bxf4 15. Ne3 Ne7 16. Bf1 c6 17. g3 Bc7 18. Bg2 Ng6 19. h4 Qd6 20. h5 Ne7 21. Ne5 f6 22. Nd3 Nf5 23. Qf3 Nh6 24. Nf4 Nf7 25. Bh3 Ng5 26. Qg2 Bxh3 27. Nxh3 Ne4 28. c4 Rae8 29. cxd5 cxd5 30. Nf4 Ba5 31. Red1 Qb6 32. Nfxd5 Qxb2 33. Rab1 Qe2 34. Rxb7 Be1 35. Rxe1 Qxe1+ 36. Qf1 Qa5 37. Ne7+ Kh8 38. N7f5 Rb8 39. Re7 Rfe8 40. Rxe8+ Rxe8 41. Qe2 Qc3 42. Kg2 Qc7 43. d5 Nd6 44. Nd4 Re4 45. Qb2 Qb6 46. Nb3 a5 47. Qc3 Qb4 48. Qc7 Re8 49. Nc5 Rc8 50. Qxd6 Qxc5 51. Qe6 Rd8 52. h6 Qf8 53. hxg7+ Qxg7 54. Nf5 Qf8 55. d6 Re8 56. Ne7 a4 57. f4 Kg7 58. Qg4+ Kh8 59. Qe6 Kg7 60. g4 Qf7 61. Qe2 Rd8 62. Kg3 Kf8 63. Nf5 Qe8 64. Qe7+ 1-0

[Event "St Petersburg-ch sf"]
[Site "St Petersburg"]
[Date "2013.01.26"]
[Round "1"]
[White "Golovankov, Vladimir"]
[Black "Alekseenko, Kirill"]
[Result "0-1"]
[WhiteElo "2235"]
[BlackElo "2446"]
[PlyCount "94"]
[EventDate "2013.01.26"]
[EventType "swiss"]
[EventRounds "9"]
[EventCountry "RUS"]
[SourceTitle "CBM 152 Extra"]
[Source "ChessBase"]
[SourceDate "2013.02.25"]
[SourceVersion "1"]
[SourceVersionDate "2013.02.25"]
[SourceQuality "1"]

1. d4 d5 2. Nf3 Nf6 3. Bf4 e6 4. e3 c5 5. c3 Nc6 6. Nbd2 Be7 7. Bd3 0-0 8. h3 Nh5 9. Bh2 f5 10. 0-0 Nf6 11. c4 cxd4 12. exd4 Ne4 13. Nb3 a5 14. a4 Nb4 15. Ne5 b6 16. Be2 Bb7 17. f3 Nf6 18. Rc1 dxc4 19. Bxc4 Nfd5 20. Qe2 Bg5 21. f4 Bf6 22. Bb5 Qe7 23. Nd2 Nc7 24. Ndc4 Nxb5 25. axb5 Nd5 26. Nf3 Rac8 27. Rfe1 Nb4 28. Nfe5 Be4 29. Bg3 Na2 30. Rcd1 Qb4 31. Rd2 Bxe5 32. Nxe5 Nc1 33. Qe3 Qxb5 34. Bf2 Nb3 35. Rde2 Rfd8 36. d5 exd5 37. Qxb6 Qxb6 38. Bxb6 Rd6 39. Bf2 d4 40. Rd1 Bc2 41. Red2 Nxd2 42. Rxd2 Be4 43. Nd3 Rg6 44. g3 Rgc6 45. Kf1 Rc2 46. Ke2 Bf3+ 47. Ke1 Rc1+ 0-1

[Event "St Petersburg-ch sf 85th"]
[Site "St Petersburg"]
[Date "2012.01.28"]
[Round "1.13"]
[White "Golovankov, Vladimir"]
[Black "Saveliev, Alexei"]
[Result "1-0"]
[WhiteElo "2288"]
[BlackElo "2074"]
[PlyCount "69"]
[EventDate "2012.01.28"]
[EventType "swiss"]
[EventRounds "9"]
[EventCountry "RUS"]
[SourceTitle "CBM 146 Extra"]
[Source "ChessBase"]
[SourceDate "2012.02.29"]
[SourceVersion "1"]
[SourceVersionDate "2012.02.29"]
[SourceQuality "1"]

1. d4 Nf6 2. Nf3 e6 3. e3 b6 4. Bd3 Bb7 5. 0-0 Be7 6. c4 Ne4 7. Ne1 f5 8. f3 Nf6 9. Nc3 0-0 10. e4 fxe4 11. fxe4 d6 12. Nc2 Nbd7 13. Ne3 e5 14. d5 g6 15. Be2 Bc8 16. Qc2 Ne8 17. Bd2 Rxf1+ 18. Rxf1 Ndf6 19. b4 Ng7 20. Rc1 Bd7 21. Ncd1 Qe8 22. Nf2 h5 23. Nf1 Qf7 24. Be3 a5 25. a3 axb4 26. axb4 Qf8 27. Qb2 Qb8 28. Ra1 Kf8 29. Nd2 Qb7 30. Rxa8+ Qxa8 31. c5 bxc5 32. bxc5 c6 33. cxd6 Bxd6 34. Nc4 Qb8 35. Bc5 1-0

[Event "St Petersburg Autumn op"]
[Site "St Petersburg"]
[Date "2011.11.05"]
[Round "9"]
[White "Belov, Nikita"]
[Black "Golovankov, Vladimir"]
[Result "0-1"]
[WhiteElo "2030"]
[BlackElo "2296"]
[PlyCount "114"]
[EventDate "2011.10.28"]
[EventType "swiss"]
[EventRounds "9"]
[EventCountry "RUS"]
[SourceTitle "EXT 2013"]
[Source "ChessBase"]
[SourceDate "2012.11.22"]
[SourceVersion "1"]
[SourceVersionDate "2012.11.22"]
[SourceQuality "1"]

1. Nf3 d6 2. c4 c5 3. Nc3 Nc6 4. g3 g6 5. Bg2 Bg7 6. 0-0 e6 7. Rb1 Nge7 8. e3 Nf5 9. a3 a5 10. b3 0-0 11. Nb5 e5 12. Bb2 Re8 13. Qc2 h5 14. h4 Nfe7 15. Ng5 Bf5 16. e4 Bg4 17. Qd3 f6 18. Nh3 Qd7 19. Kh2 Red8 20. f3 Be6 21. Nf2 a4 22. Bc3 axb3 23. Rxb3 Ra4 24. Qb1 Bxc4 25. d3 Be6 26. Rb2 Rda8 27. Bh3 Bxh3 28. Nxh3 d5 29. exd5 Nxd5 30. Nf2 f5 31. Bd2 Qd8 32. Bg5 Bf6 33. Qa2 Bxg5 34. hxg5 Kh8 35. Nh3 b6 36. Re2 R4a5 37. Qb2 Kg8 38. f4 Rxb5 39. Qxb5 Nd4 40. Qb2 Nxe2 41. Qxe2 exf4 42. Qe6+ Kg7 43. gxf4 Ra7 44. Qe5+ Kf7 45. Ng1 Re7 46. Qb2 Qd6 47. Nh3 Re3 48. Qh8 Re2+ 49. Kg3 Ne3 50. Rf2 Re1 51. Qc3 Rd1 52. Qb3+ Kf8 53. Qb2 Rxd3 54. Qh8+ Ke7 55. Re2 Kd7 56. Nf2 Rxa3 57. Qb2 Nc4+ 0-1

[Event "St Petersburg-ch sf"]
[Site "St Petersburg"]
[Date "2011.02.14"]
[Round "4"]
[White "Ovod, Evgenija"]
[Black "Golovankov, Vladimir"]
[Result "1-0"]
[WhiteElo "2414"]
[BlackElo "2329"]
[PlyCount "120"]
[EventDate "2011.02.11"]
[EventType "swiss"]
[EventRounds "9"]
[EventCountry "RUS"]
[SourceTitle "CBM 141 Extra"]
[Source "ChessBase"]
[SourceDate "2011.05.03"]
[SourceVersion "1"]
[SourceVersionDate "2011.05.03"]
[SourceQuality "1"]

1. d4 d6 2. Nf3 Bf5 3. g3 Nf6 4. Bg2 c6 5. Nh4 e6 6. Nxf5 exf5 7. Qd3 g6 8. c4 Bg7 9. Nc3 0-0 10. b4 Re8 11. b5 a6 12. 0-0 axb5 13. cxb5 d5 14. f3 Nbd7 15. a4 Nf8 16. Be3 Ne6 17. Bf2 h5 18. Rfb1 Re7 19. b6 Ra6 20. a5 Qa8 21. e4 Rxa5 22. Rxa5 Qxa5 23. exf5 gxf5 24. Ne2 Nf8 25. Bf1 N8d7 26. Be1 Qa8 27. Bb4 Re8 28. Bd6 Qd8 29. Qxf5 Nxb6 30. Be5 Nc4 31. Rxb7 Nd6 32. Bxd6 Qxd6 33. Nf4 Rb8 34. Rxb8+ Qxb8 35. Kg2 Qb2+ 36. Kh3 Qxd4 37. Qc8+ Bf8 38. Qxc6 Bh6 39. Nxh5 Nxh5 40. Qxh6 Ng7 41. Qg5 Kh7 42. Qh4+ Qxh4+ 43. Kxh4 Kg6 44. Kg4 Ne6 45. f4 f5+ 46. Kf3 Kf6 47. Ke3 Ke7 48. Bd3 d4+ 49. Kf3 Kf6 50. h3 Nc5 51. Bc2 d3 52. Bd1 Ne4 53. Ke3 Nxg3 54. Kxd3 Ne4 55. Ke3 Nc5 56. Bf3 Ne6 57. Bd5 Nf8 58. h4 Ng6 59. h5 Ne7 60. Kd4 Nc8 1-0

[Event "St Petersburg Autumn op"]
[Site "St Petersburg"]
[Date "2010.10.22"]
[Round "7"]
[White "Golovankov, Vladimir"]
[Black "Serov, Maksim"]
[Result "0-1"]
[WhiteElo "2293"]
[BlackElo "2375"]
[PlyCount "134"]
[EventDate "2010.10.16"]
[EventType "swiss"]
[EventRounds "9"]
[EventCountry "RUS"]
[SourceTitle "EXT 2011"]
[Source "ChessBase"]
[SourceDate "2010.11.26"]
[SourceVersion "1"]
[SourceVersionDate "2010.11.26"]
[SourceQuality "1"]

1. d4 Nf6 2. Nf3 e6 3. e3 c5 4. Bd3 b6 5. 0-0 Bb7 6. Nbd2 Be7 7. c3 d6 8. a3 Nbd7 9. e4 0-0 10. Re1 Qc7 11. Qe2 Rfd8 12. h3 Nf8 13. b3 Rab8 14. a4 Ng6 15. g3 Bc6 16. Bb2 Qb7 17. c4 cxd4 18. Nxd4 Be8 19. Rad1 h5 20. N2f3 Nd7 21. Bc2 a6 22. h4 Nf6 23. Bd3 Ng4 24. Qc2 N6e5 25. Be2 Rbc8 26. Qb1 Qa7 27. Qa1 Qb7 28. Bf1 Bf8 29. Ng5 Nc6 30. Nxc6 Bxc6 31. f3 Ne5 32. Kg2 Re8 33. Bd4 Nd7 34. Qb1 f6 35. Nh3 Nc5 36. Nf4 Nxe4 37. fxe4 e5 38. Nd5 exd4 39. Rxd4 Re5 40. Kh2 Rce8 41. Rdd1 Qf7 42. Bg2 b5 43. cxb5 axb5 44. a5 f5 45. Rf1 g6 46. Qc2 Ba8 47. b4 Bg7 48. Rd2 Bxd5 49. Rxd5 Rxd5 50. exd5 Re3 51. Rf3 Re1 52. Qf2 Qe8 53. Ra3 Re2 54. Qf3 Bd4 55. Rd3 Ba7 56. Rc3 Rd2 57. Rc7 Bd4 58. a6 Ra2 59. Qd3 Qe5 60. Rb7 Qxd5 61. Qf1 f4 62. gxf4 Be3 63. Kh1 Rxg2 64. Qxg2 Qd1+ 65. Kh2 Bxf4+ 66. Qg3 Qe2+ 67. Kh3 Qf1+ 0-1

[Event "St Petersburg Autumn op"]
[Site "St Petersburg"]
[Date "2010.10.16"]
[Round "1"]
[White "Golovankov, Vladimir"]
[Black "Fokin, Anatoly"]
[Result "1-0"]
[WhiteElo "2293"]
[BlackElo "1884"]
[PlyCount "47"]
[EventDate "2010.10.16"]
[EventType "swiss"]
[EventRounds "9"]
[EventCountry "RUS"]
[SourceTitle "EXT 2011"]
[Source "ChessBase"]
[SourceDate "2010.11.26"]
[SourceVersion "1"]
[SourceVersionDate "2010.11.26"]
[SourceQuality "1"]

1. f4 Nf6 2. c4 c5 3. Nc3 Nc6 4. e4 d6 5. Nf3 Bg4 6. Be2 e6 7. 0-0 Be7 8. d3 Qc7 9. a3 a6 10. Rb1 Rd8 11. Qe1 a5 12. Kh1 h5 13. Be3 h4 14. h3 Bh5 15. Qf2 b6 16. Rfc1 d5 17. cxd5 exd5 18. e5 Ng8 19. d4 c4 20. b3 b5 21. Nxb5 Qd7 22. bxc4 Bg6 23. cxd5 Qxd5 24. Nc7+ 1-0

[Event "St Petersburg White Nights op"]
[Site "St Petersburg"]
[Date "2010.06.21"]
[Round "6"]
[White "Menovshchikov, Mark"]
[Black "Golovankov, Vladimir"]
[Result "1/2-1/2"]
[WhiteElo "1973"]
[BlackElo "2279"]
[PlyCount "128"]
[EventDate "2010.06.16"]
[EventType "swiss"]
[EventRounds "9"]
[EventCountry "RUS"]
[SourceTitle "EXT 2011"]
[Source "ChessBase"]
[SourceDate "2010.11.26"]
[SourceVersion "1"]
[SourceVersionDate "2010.11.26"]
[SourceQuality "1"]

1. e4 d6 2. d4 Nf6 3. Nc3 g6 4. Bf4 Bg7 5. Qd2 Nc6 6. 0-0-0 Nh5 7. Be3 e5 8. Nge2 0-0 9. f3 f5 10. exf5 gxf5 11. Bg5 Qe8 12. dxe5 Qxe5 13. f4 Qa5 14. Qd5+ Kh8 15. Qxa5 Nxa5 16. Nb5 Rf7 17. Ned4 a6 18. Nc3 Bd7 19. Be2 Nf6 20. Rhe1 b5 21. Bf3 Rb8 22. Ne6 Bxe6 23. Rxe6 Nc4 24. b3 Nb6 25. Bc6 b4 26. Ne2 Nfd7 27. Nd4 a5 28. Nb5 Nf6 29. Nd4 Nfd7 30. Bxd7 Nxd7 31. Nc6 Ra8 32. Rde1 Nc5 33. Re7 Kg8 34. Rxf7 Kxf7 35. Re7+ Kg6 36. Rxc7 Re8 37. Ne7+ Kh5 38. Rc8 Rf8 39. Rxf8 Bxf8 40. Nxf5 Kg6 41. Be7 Kxf5 42. Bxf8 Ne4 43. g3 h5 44. Be7 Kg4 45. Bd8 Kh3 46. Bxa5 Kxh2 47. Bxb4 Kxg3 48. f5 h4 49. Be1+ Kg4 50. Bxh4 Kxh4 51. a4 Kg5 52. b4 Nc3 53. a5 Na2+ 54. Kb2 Nxb4 55. Kc3 Nd5+ 56. Kd4 Nc7 57. Ke4 Kf6 58. c3 Ke7 59. c4 Na6 60. f6+ Kxf6 61. Kd5 Ke7 62. Kc6 Ke6 63. Kb6 Nc5 64. a6 Nxa6 1/2-1/2

[Event "St Petersburg Chigorin CC-ch"]
[Site "St Petersburg"]
[Date "2009.05.29"]
[Round "9"]
[White "Salov, Vitaly V"]
[Black "Golovankov, Vladimir"]
[Result "0-1"]
[WhiteElo "2166"]
[BlackElo "2292"]
[PlyCount "76"]
[EventDate "2009.05.19"]
[EventType "swiss"]
[EventRounds "9"]
[EventCountry "RUS"]
[SourceTitle "CBM 130 Extra"]
[Source "ChessBase"]
[SourceDate "2009.07.02"]
[SourceVersion "2"]
[SourceVersionDate "2009.07.15"]
[SourceQuality "1"]

1. d4 Nf6 2. c4 d6 3. Nc3 Nbd7 4. e4 e5 5. d5 g6 6. f3 Bg7 7. Be3 0-0 8. Qd2 Nh5 9. 0-0-0 f5 10. Kb1 a6 11. Bd3 Nf4 12. g3 Nxd3 13. Qxd3 Nf6 14. Nge2 fxe4 15. Nxe4 Nxe4 16. fxe4 Bh3 17. Rhe1 Qd7 18. Ng1 Bg4 19. Rc1 c5 20. Rf1 b5 21. Rxf8+ Rxf8 22. Rf1 Rb8 23. Bd2 Qb7 24. Bc3 Bh6 25. h3 bxc4 26. Qc2 Bd7 27. Rf6 Be3 28. Nf3 Bxh3 29. Rxd6 Rf8 30. Qe2 Bd4 31. Bxd4 cxd4 32. Nxe5 d3 33. Qd1 Qb4 34. Rd8 Rxd8 35. Nc6 Qb6 36. Nxd8 Qxd8 37. Qa4 Qc8 38. Kc1 c3 0-1

[Event "St Petersburg Chigorin CC-ch"]
[Site "St Petersburg"]
[Date "2009.05.25"]
[Round "6"]
[White "Malakhov, Igor"]
[Black "Golovankov, Vladimir"]
[Result "1-0"]
[WhiteElo "2380"]
[BlackElo "2292"]
[PlyCount "129"]
[EventDate "2009.05.19"]
[EventType "swiss"]
[EventRounds "9"]
[EventCountry "RUS"]
[SourceTitle "CBM 130 Extra"]
[Source "ChessBase"]
[SourceDate "2009.07.02"]
[SourceVersion "2"]
[SourceVersionDate "2009.07.15"]
[SourceQuality "1"]

1. e4 d6 2. d4 Nf6 3. Nc3 e5 4. Nf3 Nc6 5. dxe5 Nxe5 6. Nxe5 dxe5 7. Qxd8+ Kxd8 8. Bc4 Be6 9. Bxe6 fxe6 10. Be3 Bd6 11. f3 a6 12. Ke2 Ke7 13. Nd1 b5 14. Nf2 Nd7 15. Rhd1 a5 16. a4 b4 17. Nd3 Ra6 18. Rd2 Rc6 19. Rad1 h6 20. b3 Rd8 21. Nb2 Nb6 22. h4 Ke8 23. g3 Be7 24. Bxb6 cxb6 25. Nc4 Rxd2+ 26. Rxd2 Bf6 27. Kf2 h5 28. Kg2 g6 29. Kh3 Ke7 30. g4 hxg4+ 31. fxg4 g5 32. h5 Bg7 33. Kg2 Bf6 34. h6 Bh8 35. Kf3 Bf6 36. Ke3 Bh8 37. h7 Bg7 38. Rh2 Bh8 39. Kd2 Kf7 40. Rh3 Ke7 41. c3 Kf7 42. Rd3 Ke7 43. cxb4 axb4 44. Ne3 b5 45. axb5 Rb6 46. Nc4 Rxb5 47. Rd6 Rb7 48. Rb6 Rd7+ 49. Ke2 Kf6 50. Rxb4 Rxh7 51. Rb8 Rh2+ 52. Kd3 Ke7 53. Rb7+ Kd8 54. Rf7 Rh6 55. b4 Bf6 56. b5 Rh3+ 57. Kc2 Rh2+ 58. Kb3 Rh3+ 59. Ka4 Rc3 60. Kb4 Rf3 61. Nd6 Rf4 62. b6 Be7 63. Rxe7 Kxe7 64. b7 Rf8 65. Nc8+ 1-0

[Event "St Petersburg Chigorin CC-ch"]
[Site "St Petersburg"]
[Date "2009.05.21"]
[Round "3"]
[White "Sheynin, Izrail"]
[Black "Golovankov, Vladimir"]
[Result "1/2-1/2"]
[WhiteElo "2173"]
[BlackElo "2292"]
[PlyCount "113"]
[EventDate "2009.05.19"]
[EventType "swiss"]
[EventRounds "9"]
[EventCountry "RUS"]
[SourceTitle "CBM 130 Extra"]
[Source "ChessBase"]
[SourceDate "2009.07.02"]
[SourceVersion "2"]
[SourceVersionDate "2009.07.15"]
[SourceQuality "1"]

1. e4 e5 2. Nf3 d6 3. d4 Nd7 4. Nc3 Ngf6 5. g4 Nxg4 6. Rg1 Ngf6 7. Bc4 exd4 8. Nxd4 Nb6 9. Be2 g6 10. Bg5 h6 11. Be3 Qe7 12. Qd3 c5 13. Ndb5 a6 14. Na3 Bd7 15. 0-0-0 Bc6 16. Bf3 0-0-0 17. Bf4 g5 18. Bg3 g4 19. Bh1 Nh5 20. f4 Nxg3 21. hxg3 h5 22. Nd5 Bxd5 23. exd5 Qf6 24. Be4 Bg7 25. c3 Rde8 26. Rdf1 Kc7 27. Bf5 Kb8 28. Rh1 c4 29. Qc2 Nxd5 30. Nxc4 Ne3 31. Nxe3 Rxe3 32. Rfg1 d5 33. Qd2 d4 34. Qxd4 Qxd4 35. cxd4 Bxd4 36. Rd1 Bg7 37. Rd3 Re2 38. Rb3 Bf6 39. a3 Rhe8 40. Rd1 R8e3 41. Rxe3 Rxe3 42. Rd3 Re2 43. b3 Ka7 44. a4 Re7 45. Kd2 Rc7 46. Rd7 Kb6 47. Rxc7 Kxc7 48. Be4 h4 49. gxh4 Bxh4 50. Bd5 f6 51. Ke2 b6 52. Be6 g3 53. Kf3 Kc6 54. f5 Kd6 55. Bc8 a5 56. Be6 Ke5 57. Bd7 1/2-1/2

[Event "St Petersburg Chigorin CC-ch"]
[Site "St Petersburg"]
[Date "2009.05.20"]
[Round "2"]
[White "Golovankov, Vladimir"]
[Black "Zykova, Antonina"]
[Result "1-0"]
[WhiteElo "2292"]
[BlackElo "2085"]
[PlyCount "125"]
[EventDate "2009.05.19"]
[EventType "swiss"]
[EventRounds "9"]
[EventCountry "RUS"]
[SourceTitle "CBM 130 Extra"]
[Source "ChessBase"]
[SourceDate "2009.07.02"]
[SourceVersion "2"]
[SourceVersionDate "2009.07.15"]
[SourceQuality "1"]

1. f4 Nf6 2. Nf3 g6 3. b3 d6 4. Bb2 Bg7 5. e4 0-0 6. d3 Nc6 7. Nbd2 e5 8. fxe5 Ng4 9. Qe2 Ngxe5 10. 0-0-0 Re8 11. Kb1 a5 12. a4 d5 13. c3 dxe4 14. dxe4 Qe7 15. Nd4 Nxd4 16. cxd4 Bg4 17. Nf3 Nc6 18. e5 Nb4 19. Ba3 Bf5+ 20. Kb2 Bf8 21. Ra1 Qd7 22. Bxb4 Bxb4 23. Qe3 Rad8 24. Bc4 Be6 25. Rhd1 c6 26. Bxe6 Qxe6 27. Ng5 Qg4 28. g3 Kg7 29. Ne4 Rxe5 30. dxe5 Rxd1 31. Rc1 Rd5 32. Nf6 Qd4+ 33. Qxd4 Rxd4 34. Rc4 Rd2+ 35. Rc2 Rd1 36. Re2 h5 37. Kc2 Rd8 38. h3 b5 39. g4 hxg4 40. hxg4 bxa4 41. bxa4 Rh8 42. Kd3 c5 43. Kc4 Rh3 44. Kb5 Kh6 45. Ne4 Ra3 46. Rh2+ Kg7 47. Nf6 g5 48. Rh7+ Kg6 49. Rh8 Re3 50. Rg8+ Kh6 51. Re8 Bc3 52. Rh8+ Kg7 53. Rg8+ Kh6 54. Nd5 Rf3 55. Nxc3 Rxc3 56. Kxa5 Re3 57. Kb6 Rxe5 58. a5 c4 59. Rc8 Re1 60. Rxc4 Kg6 61. a6 Rb1+ 62. Kc7 Ra1 63. Rc6+ 1-0

[Event "St Petersburg Chigorin CC-ch"]
[Site "St Petersburg"]
[Date "2009.05.19"]
[Round "1"]
[White "Martynov, Pavel1111"]
[Black "Golovankov, Vladimir"]
[Result "0-1"]
[WhiteElo "1992"]
[BlackElo "2292"]
[PlyCount "52"]
[EventDate "2009.05.19"]
[EventType "swiss"]
[EventRounds "9"]
[EventCountry "RUS"]
[SourceTitle "CBM 130 Extra"]
[Source "ChessBase"]
[SourceDate "2009.07.02"]
[SourceVersion "2"]
[SourceVersionDate "2009.07.15"]
[SourceQuality "1"]

1. e4 e5 2. Nf3 d6 3. Bc4 Be7 4. 0-0 Nf6 5. d3 0-0 6. c3 c6 7. Bb3 Nbd7 8. Re1 Nc5 9. Bc2 Bg4 10. h3 Bxf3 11. Qxf3 Nfd7 12. b4 Ne6 13. Bb3 Bf6 14. Na3 a5 15. bxa5 Qxa5 16. Nc4 Qc7 17. Ne3 Ndc5 18. Bc2 Bg5 19. g3 Bxe3 20. Qxe3 Qa5 21. d4 exd4 22. cxd4 Nxd4 23. Qxd4 Qxe1+ 24. Kg2 Ne6 25. Qd3 Qa5 26. Qxd6 Qc3 0-1

[Event "St Petersburg March op"]
[Site "St Petersburg"]
[Date "2009.04.02"]
[Round "4"]
[White "Golovankov, Vladimir"]
[Black "Malinicheva, Lidia"]
[Result "1-0"]
[WhiteElo "2298"]
[BlackElo "2024"]
[PlyCount "83"]
[EventDate "2009.03.30"]
[EventType "swiss"]
[EventRounds "9"]
[EventCountry "RUS"]
[SourceTitle "EXT 2012"]
[Source "ChessBase"]
[SourceDate "2011.11.24"]
[SourceVersion "1"]
[SourceVersionDate "2011.11.24"]
[SourceQuality "1"]

1. f4 g6 2. e4 d6 3. Nf3 Bg7 4. Nc3 Bg4 5. h3 Bxf3 6. Qxf3 e6 7. d3 Nc6 8. Be3 Nd4 9. Bxd4 Bxd4 10. Nd1 Ne7 11. Be2 h5 12. g3 Qd7 13. c3 Bb6 14. a4 a5 15. d4 d5 16. Ne3 c6 17. 0-0-0 f5 18. exf5 Nxf5 19. Ng2 0-0-0 20. Bd3 Qg7 21. Rhe1 Rde8 22. Re2 Bc7 23. Rde1 Kd7 24. Kb1 Qf6 25. h4 Re7 26. Bc2 Bd6 27. Rf1 b5 28. Ne1 b4 29. Nd3 Rb8 30. Ka2 Ree8 31. Ne5+ Bxe5 32. dxe5 Qf7 33. Qf2 Rb7 34. cxb4 axb4 35. b3 Rc8 36. Rc1 Qf8 37. Bd3 Rcc7 38. Rec2 Qa8 39. Bxf5 gxf5 40. Qc5 Ke8 41. Qd6 Qc8 42. Rxc6 1-0